Historia : es 2 /
Guardado en:
| Autor Principal: | |
|---|---|
| Otros Autores: | , , , |
| Formato: | Libro |
| Publicado: |
Buenos Aires :
Tinta Fresca,
2007
|
| Materias: | |
| Etiquetas: |
Agregar Etiqueta
Sin Etiquetas, Sea el primero en etiquetar este registro!
|
| LEADER | 01095nam a22002895a 4500 | ||
|---|---|---|---|
| 001 | CEM.cems013002 | ||
| 005 | 20081020083128.0 | ||
| 008 | 130507s2007##################000#0#####d | ||
| 003 | CEMS | ||
| 020 | |a 9789875761698 | ||
| 082 | 0 | 4 | |a Z980.01 |
| 100 | 1 | |a Bruno, Paula | |
| 245 | 1 | 0 | |a Historia : |b es 2 / |c Paula Bruno ... [et Al.] |
| 260 | |a Buenos Aires : |b Tinta Fresca, |c 2007 | ||
| 300 | |a 176 p. | ||
| 500 | |a Para nivel Educación Secundaria Básica | ||
| 505 | 0 | |a La expansión europea -- Los pueblos originarios de América -- Conquista y colonización de América -- El sistema colonial en América -- América en el sistema mundo ... -- La sociedad colonial -- Cambios y continuidades en América Latina | |
| 653 | |a Historia | ||
| 653 | |a América-historia de | ||
| 653 | |a Historia de américa | ||
| 653 | |a Historia-educación secundaria básica | ||
| 653 | |a Historia 2º-esb | ||
| 700 | 1 | |a Carabelli, Carlos | |
| 700 | 1 | |a De Cristóforis, Nadia | |
| 700 | 1 | |a Kwiatkowski, Nicolás | |
| 700 | 1 | |a Verardi, Julián | |
| 859 | |a CEMS |b BIB. CEMS - 11 de abril |h Z980.01 |i B836 |p 25402.08 |t Ej.1 | ||
